LEADER 02086nam 2200469 450 001 9910404159603321 005 20201203184505.0 010 $a0-19-189939-9 010 $a0-19-189074-X 010 $a0-19-189940-2 035 $a(CKB)4100000010673721 035 $a(MiAaPQ)EBC6141290 035 $a(StDuBDS)EDZ0002217486 035 $a(PPN)245045619 035 $a(EXLCZ)994100000010673721 100 $a20200427d2020 fy| 0 101 0 $aeng 135 $aurcnu|||||||| 181 $ctxt$2rdacontent 182 $cc$2rdamedia 183 $acr$2rdacarrier 200 10$aAutonomy, rationality, and contemporary bioethics /$fJonathan Pugh$b[electronic resource] 210 1$aOxford :$cOxford University Press,$d2020. 215 $a1 online resource (287 pages) 225 1 $aOxford philosophical monographs 225 1 $aOxford scholarship online 311 $a0-19-885858-2 320 $aIncludes bibliographical references and index. 327 $aFour Distinctions Concerning Rationality -- Rationality and Decisional Autonomy -- Controlling Influences -- Coercion -- The Practical Dimension of Autonomy -- Informed Consent, Autonomy, and Beliefs -- Rational Autonomy and Decision-Making Capacity -- Rational Decision-Making Capacity in End of Life Decision-Making -- The Prudential Value of Autonomy 330 8 $aWhat should we do when autonomy and rationality seem to be in conflict in medical decision-making, as when there seems no good reason for a patient's wishes? Jonathan Pugh offers a new framework for thinking about the concept of autonomy, grounded in an understanding of the different roles that rational beliefs and rational desires have to play. 410 0$aOxford philosophical monographs. 410 0$aOxford scholarship online. 606 $aBioethics 615 0$aBioethics. 676 $a174.2 700 $aPugh$b Jonathan$0952100 801 0$bStDuBDS 801 1$bStDuBDS 906 $aBOOK 912 $a9910404159603321 996 $aAutonomy, rationality, and contemporary bioethics$92152465 997 $aUNINA